Madonna - Impressive Instant - Lyrics - Statistics

General Stats
  • This quiz has been taken 5 times
  • The average score is 203 of 276
Answer Stats
Answer % Correct
a
100%
don't
100%
even
100%
I
100%
know
100%
like
100%
Like
100%
name
100%
to
100%
your
100%
All
75%
and
75%
baby
75%
control
75%
else
75%
for
75%
full
75%
go
75%
heart
75%
I'm
75%
in
75%
is
75%
Kiss
75%
let
75%
look
75%
looks
75%
me
75%
music
75%
my
75%
nobody
75%
Nothing
75%
of
75%
out
75%
rumba
75%
samba
75%
same
75%
spinning
75%
Spinning
75%
stars
75%
take
75%
Take
75%
the
75%
there
75%
trance
75%
Trance
75%
Universe
75%
waiting
75%
want
75%
why
75%
wine
75%
wingy
75%
world
75%
across
50%
been
50%
Can't
50%
Cosmic
50%
creation
50%
Dance
50%
drip
50%
ebbs
50%
explain
50%
flows
50%
goes
50%
I've
50%
nature
50%
on
50%
one
50%
others
50%
reasons
50%
shoot
50%
singy
50%
sky
50%
systems
50%
that
50%
This
50%
wants
50%
where
50%
Astral
25%
bodies
25%
Comets
25%
Galaxies
25%
how
25%
intertwine
25%
view
25%
You're
25%
are
0%
bird
0%
into
0%
sliding
0%
No matching quizzes found
Score Distribution
Percent of People with Each Score
Percentile by Number Answered
Your Score History
You have not taken this quiz